Music Quiz

Random Music or Lyrics Quiz

Night Changes Lyrics Quiz Stats

Quiz not verified by Sporcle

Challenge
Share
Tweet
Embed
Score 0/31 Timer 06:00
0 Plays Today
% Correct
never had she's showing off
92%
doesn't like that kind of dress
91%
doesn't like that kind of dress
91%
changes into something red
90%
that she really wants
90%
just how fast the night changes?
90%
ever dreamed of
90%
just how fast the night changes?
89%
ever dreamed of
89%
and i've been thinking about it lately
88%
and i've been thinking about it lately
88%
that she really wants
87%
missing piece of innocence she lost
87%
there's nothing to be afraid of
86%
just how fast the night changes?
86%
changes into something red
86%
% Correct
ever dreamed of
85%
something that she won't forget
84%
hides behind a cigarette
84%
and i've been thinking about it lately
84%
there's nothing to be afraid of
83%
there's nothing to be afraid of
83%
it will never change me and you
82%
she doesn't want it to stop
81%
it will never change me and you
78%
it will never change me and you
77%
moon is breaking through her hair
76%
moon is lighting up her skin
76%
doesn't even know it yet
76%
doubts are running 'round her head
74%
it will never change, baby
57%

You're not logged in!

Compare scores with friends on all Sporcle quizzes.
Join for Free
OR
Log In

You Might Also Like...

Show Comments

Extras

Top Quizzes Today


Score Distribution

Your Account Isn't Verified!

In order to create a playlist on Sporcle, you need to verify the email address you used during registration. Go to your Sporcle Settings to finish the process.

Report this User

Report this user for behavior that violates our Community Guidelines.

Details: